000 00452nam a2200181Ia 4500
001 3117
005 20260306144857.0
008 260306t2007||||xx |||||||||||||| ||spa||
041 _aESP
082 _a256.82
_bM36
100 _aMedina Estévez, Jorge
_eAUT
245 0 _aSímbolos y signos cristianos, litúrgicos y religiosos
260 _c2007
300 _a76 páginas :
_c22 cm.
650 _aGEN
654 _aCHU
942 _cLIB
_dJUS
_fJUS
_2ddc
_n
999 _c3117
_d3117